| 000 | 02493cam a22005534i 4500 | ||
|---|---|---|---|
| 003 | PE-LiUPU | ||
| 005 | 20250731173531.0 | ||
| 008 | 150616s1996 miu rb 000 0 eng d | ||
| 020 | _a0801010276 | ||
| 035 | _a(Sirsi) i9780801010279 | ||
| 040 |
_aPE-LiUPU _bspa _cPE-LiUPU _erda |
||
| 049 | _aPRUA | ||
| 082 | 0 | 4 |
_a253.5 _bB38 _221 |
| 100 | 1 |
_aBenner, David G., _eautor. |
|
| 245 | 1 | 0 |
_aStrategic Pastoral Counseling / _cDavid Benner G. |
| 264 | 1 |
_aMichigan : _bBaker Book House, _c1996. |
|
| 300 |
_a138 páginas ; _c22 centímetros |
||
| 336 |
_atext _2rdacontent |
||
| 337 |
_aunmediated _2rdamedia |
||
| 338 |
_avolume _2rdacarrier |
||
| 500 | _aOtra ed.: 1997ing: 42283: fecha ing. 27e97. | ||
| 504 | _aIncluye bibliografía. | ||
| 505 | 0 | _aThe context of pastoral counseling -- The uniqueness of pastoral counseling -- The strategic pastoral counseling model -- The stages and tasks of strategic pastoral -- A case study of strategic pastoral counseling. | |
| 526 | _aSEG42 | ||
| 526 | _aSEG41 | ||
| 526 | _aSEG40 | ||
| 526 | _aSEG39 | ||
| 526 | _aP94 | ||
| 526 | _aP87 | ||
| 526 | _aP86 | ||
| 526 | _aP85 | ||
| 526 | _aP77 | ||
| 526 | _aP76 | ||
| 526 | _aP35 | ||
| 650 | 0 | 4 |
_aCONSEJERIA PASTORAL. _91495 |
| 910 |
_ajck _bjvq _cjck |
||
| 942 |
_2ddc _cBOOK |
||
| 949 |
_a253.5 B38 _wDEWEY _c1 _i42283 _d2016-5-10 _e2016-5-8 _lCCODEBUL1 _mBUL _n2 _r0 _sY _tBOOK _u2015-6-16 _xTEOLOGIA _zUNKNOWN _0COMPRA _o.STAFF. Colección Teología |
||
| 949 |
_a253.5 B38 _wDEWEY _c2 _i43936 _d2016-4-26 _e2016-4-24 _lCCODEBUL1 _mBUL _n3 _r0 _sY _tBOOK _u2015-4-23 _xTEOLOGIA _zUNKNOWN _0COMPRA _o.STAFF. Colección Teología |
||
| 949 |
_a253.5 B38 _wDEWEY _c3 _i45208 _lCCODEBUL1 _mBUL _r0 _sY _tBOOK _u2015-4-23 _xTEOLOGIA _zUNKNOWN _0COMPRA _o.STAFF. Colección General |
||
| 994 |
_aC0 _bPEPRU |
||
| 596 | _a1 | ||
| 999 |
_a253.5 B38 _wDEWEY _c60114 _i42283 _d60114 _e2016-5-8 _f2021-11-12 _g5 _lCCODEBUL1 _mBUL _n2 _p10.00 _r0 _sY _tBOOK _u2015-6-16 _xTEOLOGIA _PP35 _0COMPRA _o.STAFF. Colección Teología |
||
| 999 |
_a253.5 B38 _wDEWEY _c2 _i43936 _d2016-4-26 _e2016-4-24 _f2021-11-12 _g5 _lCCODEBUL1 _mBUL _n3 _p13.00 _r0 _sY _tBOOK _u2015-4-23 _xTEOLOGIA _zUNKNOWN _0COMPRA _o.STAFF. Colección Teología |
||
| 999 |
_a253.5 B38 _wDEWEY _c3 _i45208 _f2021-11-12 _g5 _lCCODEBUL1 _mBUL _r0 _sY _tBOOK _u2015-4-23 _xTEOLOGIA _zUNKNOWN _0COMPRA _o.STAFF. Colección General |
||
| 980 |
_81 _gALBERTO SANCHEZ Responsable de Automatización |
||